| 000 | 00990nam a2200205Ia 4500 | ||
|---|---|---|---|
| 003 | Ost | ||
| 005 | 20260507075639.0 | ||
| 008 | 260507s9999||||xx |||||||||||||| ||und|| | ||
| 040 | _cfsecg | ||
| 041 | _aara | ||
| 082 | _a327 | ||
| 100 |
_aالقوزي، ،محمد علي _eمؤلف |
||
| 245 | 0 |
_aالعلاقات الدولية في التاريخ الحديث والمعاصر / _c محمد علي القوزي |
|
| 260 |
_aبيروت: _bدارالنهضة العربية, _c2002 |
||
| 300 |
_a416 صفحة؛ _c24 سم |
||
| 520 | _aيتناول العلاقات الدولية من الثورة الفرنسية حتى الحرب العالمية الاولى والعلاقة بعد الحرب العالمية الثانية وبعض النماذج منها وكذا النظام العالمي الجديد والعلاقات الدولية للعالم العربي | ||
| 653 | _aالتاريخ الحديث | ||
| 653 | _aالعلاقات الدولية | ||
| 942 | _cكتاب | ||
| 999 |
_c45360 _d45360 |
||